| 000 -LEADER |
| fixed length control field |
01103nam a2200229Ia 4500 |
| 001 - CONTROL NUMBER |
| control field |
10118 |
| 003 - CONTROL NUMBER IDENTIFIER |
| control field |
GE_BSU |
| 008 - FIXED-LENGTH DATA ELEMENTS--GENERAL INFORMATION |
| fixed length control field |
181216s||||||||xx |||||||||||||| ||und|| |
| 020 ## - INTERNATIONAL STANDARD BOOK NUMBER |
| International Standard Book Number |
9789941065545 |
| 040 ## - CATALOGING SOURCE |
| Transcribing agency |
GE_BSU |
| 080 ## - UNIVERSAL DECIMAL CLASSIFICATION NUMBER |
| Universal Decimal Classification number |
94(479.22) |
| 100 ## - MAIN ENTRY--PERSONAL NAME |
| Personal name |
ვადაჭკორია,შოთა |
| 245 ## - TITLE STATEMENT |
| Title |
ქვეყნის წინაშე ჩადენილი დანაშაული თუ ღალატი (1991-1992 წლების დეკემბერ–იანვრის მოვლენების შეფასებისათვის) |
| 245 ## - TITLE STATEMENT |
| Statement of responsibility, etc. |
რედ.დიმიტრი შველიძე |
| 260 ## - PUBLICATION, DISTRIBUTION, ETC. |
| Place of publication, distribution, etc. |
თბილისი |
| 260 ## - PUBLICATION, DISTRIBUTION, ETC. |
| Name of publisher, distributor, etc. |
გეორგიკა |
| 260 ## - PUBLICATION, DISTRIBUTION, ETC. |
| Date of publication, distribution, etc. |
2014 |
| 300 ## - PHYSICAL DESCRIPTION |
| Extent |
43გვ.20სმ. |
| 653 ## - INDEX TERM--UNCONTROLLED |
| Uncontrolled term |
1991-1992 წლების დეკემბერ–იანვრის მოვლენების შეფასებისათვის |
| 653 ## - INDEX TERM--UNCONTROLLED |
| Uncontrolled term |
ქვეყნის წინაშე ჩადენილი დანაშაული თუ ღალატი |
| 942 ## - ADDED ENTRY ELEMENTS (KOHA) |
| Koha item type |
წიგნი |